000
00282nam a2200121Ia 4500
008
190722s9999 xx 000 0 und d
020
_a
978-93-325-1864-3
100
_a
Jon Kleinberg
245
0
_a
Algorithm Design
260
_a
India
_b
Pearson
_c
2017
300
_a
824
942
_c
BK
999
_c
1133
_d
1133